Religion Quiz

Random Religion or Book Quiz

Bible Books: In Other Context Quiz Stats

 Plays Quiz Updated Dec 17, 2018

     
Support Sporcle.
Go Orange.
Score 0/28 Timer 06:00
2 Plays Today
Hint Book of the Bible % Correct
Follows 'Babe' to make a baseball great or 'Baby' to make a candyRuth
88.1%
Residents of Italy's capitalRomans
87.6%
4, 8, 15, 16, 23, and 42 are all...Numbers
87.5%
Sacred songs or hymnsPsalms
86%
Can be full-time or part-timeJob
83.9%
This Billy had hits such as 'Piano Man' and 'We Didn't Start the Fire'Joel
81.4%
Mr. Perry, Mr. Broderick, or Mr. SweetMatthew
78.9%
'Romeo and Juliet' consists of five of theseActs
78.3%
Children's series by Holly Black and Tony DiTerlizzi: The Spiderwick ______ Chronicles
76.9%
Mr. Webster, Mr. Boone, or Mr. RadcliffeDaniel
76.5%
He had a 'Cool Hand'Luke
75.9%
Slang term for a toilet John
74.4%
Mr. Cook, Mr. Joyce, or Mr. MadisonJames
73.1%
Famous Pumpkin EaterPeter
72.9%
Hint Book of the Bible % Correct
Follows 'Famous' to make the name of a cookie brandAmos
71%
A departure or emigration, or a thrash metal band from CaliforniaExodus
68.5%
The Beatles told him not to make it badJude
68.3%
Band with hit 'Invisible Touch' or a Sega gaming consoleGenesis
67.2%
Perhaps the most famous bullfrogJeremiah
67%
U2's fifth album: The _____ TreeJoshua
64%
Something disclosed, especially something that is striking or not before realizedRevelation
63.4%
Heads of state, a New York county, or a drinking gameKings
58.4%
This word can follow book, birth, and checkMark
54.8%
Acts of expressing griefLamentations
51.7%
Judith Sheindlin, Joe Brown, and Marilyn Milian are all famous for being theseJudges
48.2%
The New Orleans band behind the 1995 hit 'Good': Better Than _____Ezra
37.1%
1978 Toni Morrison novelSong of Solomon
22.7%
Nikki Sanders' technopathic child in 'Heroes'Micah
17.8%

From the Vault

Weakest Link: 'J'+'K' Countries

by themightymoosh

Geography 2.5m
Well, the chain is only as strong as the weakest link, so it's time to call people out.
Remove Ads.
Support Sporcle.
Get the best of Sporcle when you Go Orange. This ad-free experience offers more features, more stats, and more fun while also helping to support Sporcle. Thank you for becoming a member.

Show Comments

Extras

Top Quizzes Today


Score Distribution

Your Account Isn't Verified!

In order to create a playlist on Sporcle, you need to verify the email address you used during registration. Go to your Sporcle Settings to finish the process.

Report this User

Report this user for behavior that violates our Community Guidelines.

Details: